Analog electronics : (Record no. 147471)

MARC details
000 -LEADER
fixed length control field 00640nam a22002057a 4500
005 - DATE AND TIME OF LATEST TRANSACTION
control field 20171116124623.0
010 ## - LCCN (DPL NO)
LC control number ENG-121445
020 ## - INTERNATIONAL STANDARD BOOK NUMBER
International Standard Book Number 9789325992238
Terms of availability 495.00
035 ## - SYSTEM CONTROL NUMBER
System control number EN-104977
037 ## - SOURCE OF ACQUISITION
Source of stock number/acquisition DBAD/PUB
082 ## - DEWEY DECIMAL CLASSIFICATION NUMBER
Classification number 000
100 ## - MAIN ENTRY--PERSONAL NAME
Personal name Karna, Satish K
245 ## - TITLE STATEMENT
Title Analog electronics :
Statement of responsibility, etc by Satish K. Karna
Remainder of title GATE, PSUs and ES examination /
260 ## - PUBLICATION, DISTRIBUTION, ETC. (IMPRINT)
Place of publication, distribution, etc New Delhi
Name of publisher, distributor, etc S.Chand & Company
Date of publication, distribution, etc 2016
270 ## - ADDRESS
Address 7361, Ram Nagar
City New Delhi
Postal code 110055
300 ## - PHYSICAL DESCRIPTION
Extent Various pagings :
Dimensions 24cm(pbk)
Other physical details ill
490 ## - SERIES STATEMENT
Series statement Exam Sucess Series
500 ## - GENERAL NOTE
General note Includes bibliographical references
942 ## - ADDED ENTRY ELEMENTS (KOHA)
Source of classification or shelving scheme Dewey Decimal Classification
Item type English Books
Classification part 000
Call number suffix KAR
Holdings
Withdrawn status Lost status Not for loan Collection code Home library Current library Date acquired Source of acquisition Cost, normal purchase price Full call number Barcode Copy number Cost, replacement price Koha item type
      Non-fiction Peshwa Road Peshwa Road 16/11/2017 DBAD/PUB 495.00 000 KAR EN-104977 1 495.00 English Books

© Delhi Public Library
Hit Counter
free hit counter